MDQL
is popping MORE tags! Check the
thread
!
Quizzes
Events
Quiz Creation
Community
Videos
Private Events
Remove Ads
Sign In
Join for FREE
Feedback
Dark Mode
Quiz Categories
Sports
Geography
Music
Movies
Television
Just For Fun
Miscellaneous
History
Literature
Language
Science
Gaming
Entertainment
Religion
Holiday
For Kids
Quiz Lab
Recent
Popular Today
Quiz Kudos Today
Editor Picks
Curator Picks
Quizzes by...
Day
Popularity
Type
Ratings
Length
Year
Community
Subscriptions
Recent Discussions
Orange Saloon
Badges
Playlists
Quests
Create
Leaderboards
Showdown
Live 5
Trivia Bingo
Activity
Puzzle Library
Sporcle Events
Private Events
Virtual Trivia
Globe League
Become a Host
Pub Owners
SporcleCon
Opinionation
Our Games
Videos
Blog
Mobile Apps
Partnerships
Remove Ads and Go Orange
Feedback
Sports
Athletes
MLB
NBA
NHL
NFL
Soccer
Sports Teams
WWE
NCAA
Football
Premier League
Basketball
Baseball
Hockey
Golf
Tennis
Cricket
Rugby
Auto Racing
Olympics
World Cup
Sports
Athletes
MLB
NBA
NHL
NFL
Soccer
Sports Teams
WWE
NCAA
Football
Premier League
Basketball
Baseball
Hockey
Golf
Tennis
Cricket
Rugby
Auto Racing
Olympics
World Cup
Random Quiz
Search Sporcle
×
Quiz Lab
Quiz Lab
Sports
Olympics
Type in answers that appear in a list
Type in answers that appear in a list
Classic
Best Score? Go Orange.
Ladies' figure skaters at 2016 World Championships Stats
Can you name all the figure skaters who competed in the ladies event at the 2016 World Figure Skating Championships in Boston?
By
derekbailey58
15m
38 Questions
178 Plays
178 Plays
178 Plays
Comments
Comments
Give Quiz Kudos
Give Quiz Kudos
-
- Ratings
hide this ad
More Info
Replay
Link that replays current quiz
Next Quiz
Link to next quiz in quiz playlist
You Got
0%
They Got
Avg Score
52%
Avg Friend Score
Upgrade to see
Score Distribution
Jump to the score distribution portion of the page
Score
0/38
Timer
15:00
0
Plays Today
rank/country
skater
% Correct
2. United States
Ashley Wagner
97.8%
1. Russia
Evgenia Medvedeva
97.2%
4. United States
Gracie Gold
95.5%
5. Japan
Satoko Miyahara
89.9%
6. Russia
Elena Radionova
88.8%
3. Russia
Anna Pogorilaya
87.1%
9. Canada
Gabrielle Daleman
86%
7. Japan
Mao Asada
83.7%
10. United States
Mirai Nagasu
80.9%
8. Japan
Rika Hongo
76.4%
11. China
Zijun Li
74.2%
12. Kazakhstan
Elizabet Tursynbaeva
71.3%
25. France*
Mae Berenice Meite
65.2%
17. Canada
Alaine Chartrand
63.5%
18. South Korea
So Youn Park
61.2%
13. Slovakia
Nicole Rajicova
58.4%
14. South Korea
Da Bin Choi
56.2%
21. Chinese Taipei
Amy Lin
47.8%
16. Italy
Roberta Rodeghiero
47.2%
rank/country
skater
% Correct
30. Sweden*
Joshi Helgesson
44.4%
31. France*
Laurine Lecavelier
43.3%
27. Australia*
Kailani Craine
41.6%
28. Hungary*
Ivett Toth
41.6%
15. Latvia
Angelina Kuchvalska
38.8%
29. Czech Republic*
Eliska Brezinova
35.4%
37. Spain*
Sonia Lafuente
34.8%
38. Slovenia*
Dasa Grm
34.3%
26. Norway*
Anne Line Gjersem
32.6%
20. Finland
Viveca Lindfors
30.3%
24. Armenia
Anastasia Galustyan
29.2%
23. China
Ziquan Zhao
28.1%
32. Austria*
Kerstin Frank
23%
35. Germany*
Nathalie Weinzierl
20.8%
22. Netherlands
Niki Wories
20.2%
34. Switzerland*
Yasmine Kimiko Yamada
18.5%
19. Ukraine
Anna Khnychenkova
15.7%
36. Great Britain*
Kristen Spours
11.8%
33. Lithuania*
Aleksandra Golovkina
10.7%
Quiz Playlist
Details
Report
Send in Message
Add To Playlist
More Info:
*-did not advance to free skate
Classic:
Type in answers that appear in a list
Quiz Source
Last Updated: Aug 2, 2017
Quiz Scoreboard
CHALLENGE
Sign Up to Join the Scoreboard
Show All
Scores
Hide
Comments
May contain spoilers
Recently Published
Image Sorting: Flags VI
by Barbecue
Geography
2m
Find the 'City' Movie
by crazypaving
Movies
60s
Colored Red Africa Blitz
by spor1
Geography
45s
More to Explore
Quiz From the Vault
Featured Blog Post
14 Easter Pick-up Lines to Find Eggs With
hide this ad
You Might Also Like...
Tags
Olympics Quiz
Figure Skating
World Championships
Today's Top Quizzes in Sports
Browse Sports
hide this ad
Today's Top Quizzes in Olympics
Browse Olympics
Top Contributed Quizzes in Sports
1
Les meilleurs buteurs des matchs entre le PSG et l’OM
2
Les entraîneurs de l'OM et du PSG au 21e siècle
3
2022 World Cup Stars
4
Les joueurs passés par le PSG et l'OM
5
Players with Multiple 50 Home Run Seasons
6
Criteria MLB: Left Handed Sluggers
7
FIFA Club World Cup Champions
8
Les joueurs passés par le LOSC et le RC Lens
9
NBA Logic Puzzle 2.0
10
Top 10 NHL Goal Scorers of All Time
Explore More
Trending Topics
Disney
Harry Potter
Marvel
Crossword
Kpop
NBA
Anime
Soccer
Pokémon
Country
Puzzle
NFL
Song
WWE
The Office
hide this ad
More By:
derekbailey58
Quiz
Plays
Rating
Category
Featured
Created
Ultimate 80's metal band list!
3,766
4.22
Music
Apr 27, 2014
80 hits from the 80's
681
4.75
Music
Apr 9, 2015
Ladies of figure skating!
409
5.00
Sports
Jul 18, 2014
80 hits from the 80's II
400
4.50
Music
Apr 9, 2015
80 hits from the 80's III
368
5.00
Music
Apr 10, 2015
Go to Creator's Profile
Score Distribution
Quiz Creator Spotlight
derekbailey58
Follow
Send a Message
Quizzes Created
-
Created Quiz Play Count
-
More By This Creator
Popular Quizzes Today
1
Colored Red Africa Blitz
2
Find the US States - No Outlines Minefield
3
Find the 'City' Movie
4
5x2 Blitz: Bands
5
The Countries of the World
6
Find the US States
7
Find the Countries of Europe - No Outlines Minefield
8
US States
More Sports Quizzes
Picture Click: Texans QBs
Quiz Lab
Trending Quizzes
Colored Red Europe Blitz I
Colored Red Africa Blitz II
Colored Red Europe Blitz II
Colored Red Africa Blitz III
Colored Red Europe Blitz III
Recently Updated
How Do You Spell That?
pecheneg
Godzilla Movies
pecheneg
Grab Bag: 4-10 Letters
pecheneg
2024 March Madness Bracket
pecheneg
Famous TV Couples
Peacemaker
Champions League XIs: Real Madrid
pecheneg
Largest US Cities 1790-2010
pecheneg
Rides in Walt Disney World
pecheneg
Most Oscar Losses (Acting)
pecheneg
Beyoncé Albums
pecheneg
Trending Topics
NBA
Kpop
Crossword
Disney
Marvel
Harry Potter
Anime
Puzzle
NFL
Soccer
Country
Pokémon
WWE
The Office
Song
Your Account Isn't Verified!
In order to create a playlist on Sporcle, you need to verify the email address you used during registration. Go to your
Sporcle Settings
to finish the process.
Report this User
Report this user for behavior that violates our
Community Guidelines
.
Details:
Send Report
Go to the Sporcle.com Mobile Site →
Comments